| 000 | 00711nam a22002177a 4500 | ||
|---|---|---|---|
| 003 | PILC | ||
| 005 | 20150525105140.0 | ||
| 008 | 150525b xxu||||| |||| 00| 0 eng d | ||
| 020 | _a9716857665 | ||
| 050 |
_aLB 3051 _b.N322 2013 |
||
| 100 | _aNavarro, Rosita L. | ||
| 245 |
_aAuthentic assessment of student learning outcomes / _cRosita L. Navarro, Rosita De Guzman-Santos. |
||
| 250 | _a2nd ed. | ||
| 260 |
_aQuezon City : _bLorimar Publishing, _c2013. |
||
| 300 |
_avii, 113 pages : _billustrations ; _c26 cm. |
||
| 440 | _aAssessment of Learning 2. | ||
| 500 | _aIncludes bibliographical references. | ||
| 650 | _aAuthentic assessment. | ||
| 700 | _aDe Guzman-Santos, Rosita. | ||
| 942 |
_2lcc _cBK _kLOC |
||
| 999 |
_c284351 _d284351 |
||